|
|
|
|
| LEADER |
00000nam a2200000Ii 4500 |
| 001 |
DIGUPERCA0081 |
| 003 |
NyNyDIG |
| 006 |
m o d |
| 007 |
cr ||||||||||| |
| 008 |
220705s2018 pe ob 000 0 spa d |
| 035 |
|
|
|a (OCoLC)1112338640
|
| 040 |
|
|
|a DGITA
|b eng
|e rda
|e pn
|c DGITA
|
| 020 |
|
|
|a 9786123181413
|q versión pdf
|
| 020 |
|
|
|a 9786123181420
|q versión ePub
|
| 020 |
|
|
|z 9786123181376
|q versión impresa
|
| 043 |
|
|
|a s-pe---
|
| 050 |
1 |
4 |
|a GV944.P4 ebook
|
| 082 |
0 |
4 |
|a 796.3340985
|
| 100 |
1 |
|
|a Pulgar Vidal Otálora, Jaime,
|e author.
|
| 245 |
1 |
0 |
|a De golpes y goles :
|b los políticos y la selección peruana de fútbol (1911-1939) /
|c Jaime Pulgar Vidal.
|
| 250 |
|
|
|a Versión ebook.
|
| 264 |
|
1 |
|a Lima, Perú :
|b Universidad Peruana de Ciencias Aplicadas,
|c 2018.
|
| 300 |
|
|
|a 1 online resource.
|
| 336 |
|
|
|a text
|b txt
|2 rdacontent
|
| 337 |
|
|
|a computer
|b c
|2 rdamedia
|
| 338 |
|
|
|a online resource
|b cr
|2 rdacarrier
|
| 347 |
|
|
|a text file
|2 rdaft
|
| 347 |
|
|
|b PDF
|
| 347 |
|
|
|b EPUB
|
| 490 |
1 |
|
|a Colección Estudios y ensayos. Tema humanidades
|
| 504 |
|
|
|a Includes bibliographical references.
|
| 588 |
0 |
|
|a Online resource; title from PDF title page (Digitalia, viewed July 5, 2022)
|
| 650 |
|
0 |
|a Soccer
|x Political aspects
|z Peru.
|
| 650 |
|
0 |
|a Soccer
|x Social aspects
|z Peru.
|
| 655 |
|
0 |
|a Electronic books.
|
| 791 |
2 |
|
|a Digitalia (Firm),
|e distributor.
|
| 793 |
0 |
|
|g Digitalia eBook Collection:
|a Universidad Peruana de Ciencias Aplicadas
|
| 776 |
0 |
8 |
|i Print version:
|a Pulgar Vidal Otálora, Jaime.
|t De golpes y goles.
|b Primera edición.
|d Lima, Perú : Universidad Peruana de Ciencias Aplicadas, [2018]
|z 9786123181376
|
| 830 |
|
0 |
|a Colección Estudios y ensayos. Tema humanidades.
|
| 856 |
4 |
0 |
|3 Digitalia Hispánica
|u https://www.digitaliapublishing.com/a/55227/
|
| 910 |
|
|
|a Premium collection: 2022
|